The method of science
Salvato in:
| Autore principale: | |
|---|---|
| Natura: | Libro |
| Lingua: | Undetermined |
| Pubblicazione: |
London
Wykeham Publications, ltd
1970
|
| Soggetti: | |
| Tags: |
Aggiungi Tag
Nessun Tag, puoi essere il primo ad aggiungerne! !
|
| Thư viện lưu trữ: | Trung tâm Học liệu Trường Đại học Cần Thơ |
|---|
| LEADER | 00484nam a2200181Ia 4500 | ||
|---|---|---|---|
| 001 | CTU_80111 | ||
| 008 | 210402s9999 xx 000 0 und d | ||
| 082 | |a 509 | ||
| 082 | |b H296 | ||
| 100 | |a Harres, R. | ||
| 245 | 4 | |a The method of science | |
| 245 | 0 | |c R. Harres | |
| 260 | |a London | ||
| 260 | |b Wykeham Publications, ltd | ||
| 260 | |c 1970 | ||
| 650 | |a Science history,Science methodology | ||
| 904 | |i Trọng Hải | ||
| 980 | |a Trung tâm Học liệu Trường Đại học Cần Thơ | ||